Right to information and jurisprudence/ (Record no. 189658)

MARC details
000 -LEADER
fixed length control field 00571nam a22001817a 4500
005 - DATE AND TIME OF LATEST TRANSACTION
control field 20220708162510.0
010 ## - LCCN (DPL NO)
LC control number ENG-133453
020 ## - INTERNATIONAL STANDARD BOOK NUMBER
International Standard Book Number 9789390961290
Terms of availability 1995.00
035 ## - SYSTEM CONTROL NUMBER
System control number EN-116985
037 ## - SOURCE OF ACQUISITION
Source of stock number/acquisition DBAD/PUB
082 ## - DEWEY DECIMAL CLASSIFICATION NUMBER
Classification number 342.540662
100 ## - MAIN ENTRY--PERSONAL NAME
Personal name Sharma, M L
245 ## - TITLE STATEMENT
Title Right to information and jurisprudence/
Statement of responsibility, etc M L Sharma
260 ## - PUBLICATION, DISTRIBUTION, ETC. (IMPRINT)
Place of publication, distribution, etc New Delhi
Name of publisher, distributor, etc Renu Kaul Verma, Vitasta publishing pvt. ltd.
Date of publication, distribution, etc 2022
270 ## - ADDRESS
City New Delhi
Postal code 110002
Address 2/15,Ansari road,Daryaganj
300 ## - PHYSICAL DESCRIPTION
Extent xx,890p.
Dimensions 25cm(hb)
Other physical details Index
942 ## - ADDED ENTRY ELEMENTS (KOHA)
Source of classification or shelving scheme Dewey Decimal Classification
Item type English Books
Classification part 342.540662
Call number suffix SHA
Holdings
Withdrawn status Lost status Not for loan Collection code Home library Current library Date acquired Source of acquisition Cost, normal purchase price Full call number Barcode Copy number Cost, replacement price Koha item type
    Not For Loan Reference Ashok Vihar Ashok Vihar 08/07/2022 DBAD/PUB 1995.00 342.540662 SHA EN-116985 1 1995.00 English Books

© Delhi Public Library
Hit Counter
free hit counter